01075nab a22002177a 4500003000400000005001700004008004100021040000700062100002000069245016400089260007300253300001500326500003600341505016500377505008200542650001800624650003600642650001400678650001700692773014800709OSt20251219085717.0190429b xxu||||| |||| 00| 0 spa d cPJ aFrega, Leonardo13aEl eje socioeducativo, el principio de especialidad y la imperante hermenéutica disímil entre el régimen penal juvenil y el de adultos /cLeonardo Frega. cCiudad Autónoma de Buenos Aires :aThomson Reuters La Ley, b2025. ap. 183-188 aCita: TR LALEY AR/DOC/728/2025. aFallo comentado: STJ Corrientes ~ 05/04/2024 ~ Legajo de antecedentes STJ (Casación) en LOF de juicio 1909/4 en legajo judicial 1909/21 (LIF 14585/22 UFIC)). tSi te interesa el texto completo, solicitalo a koha@justierradelfuego.gov.ar  0aDERECHO PENAL 0aRÉGIMEN PENAL DE LA MINORIDAD 0aHOMICIDIO 0aADOLESCENTES0 02658tRevista de derecho penal y criminología. Nº 4 - Mayo 2025dCiudad Autónoma de Buenos Aires : Thomson Reuters La Ley, 2017-x00347914